Рекомендации по реконструкции (восстановлению) линейной части распределительных газопроводов в стесненных городских условиях с применением полимерных материалов и бестраншейных технологий производства работ (Запись № 1934499)

Подробности
000 -МАРКЕР
контрольное поле 01606nam0a2200325 4500
001 - ИДЕНТИФИКАТОР ЗАПИСИ
контрольное поле RU\NLR\bibl\1825154
005 - ИДЕНТИФИКАТОР ВЕРСИИ
контрольное поле 20250616162406.0
021 ## - НОМЕР ГОСУДАРСТВЕННОЙ РЕГИСТРАЦИИ
Код страны российская федерация
Номер 2011-67962
Номер Листа государственной регистраци 4798
029 10 - НОМЕР ДОКУМЕНТА (нормативные и технические документы. Неопубликованные документы)
Страна российская федерация
Номер 2-2.3-500-2010
Тип номера документа Р Газпром
035 ## - ДРУГИЕ СИСТЕМНЫЕ НОМЕРА
Идентификатор записи (NLR Aleph) 001815685
100 ## - ДАННЫЕ ОБЩЕЙ ОБРАБОТКИ
Данные общей обработки 20111026d2011 |||y0rusy50 ca
101 0# - ЯЗЫК РЕСУРСА
Язык текста, звукозаписи и т.д. русский
102 ## - СТРАНА ПУБЛИКАЦИИ ИЛИ ПРОИЗВОДСТВА
Страна публикации российская федерация
105 ## - ПОЛЕ КОДИРОВАННЫХ ДАННЫХ: ТЕКСТОВЫЕ МАТЕРИАЛЫ, МОНОГРАФИЧЕСКИЕ
Кодированные данные о монографическом текстовом документе y l |||||
200 1# - ЗАГЛАВИЕ И СВЕДЕНИЯ ОБ ОТВЕТСТВЕННОСТИ
Основное заглавие Рекомендации по реконструкции (восстановлению) линейной части распределительных газопроводов в стесненных городских условиях с применением полимерных материалов и бестраншейных технологий производства работ
Первые сведения об ответственности Открытое АО «Газпром промгаз»
210 ## - ПУБЛИКАЦИЯ, РАСПРОСТРАНЕНИЕ И ДР.
Место издания, распространения и т.д. Москва
Имя издателя, распространителя и т. д. ГАЗПРОМ и др.
Дата издания, распространения и т.д. 2011
215 ## - ФИЗИЧЕСКАЯ ХАРАКТЕРИСТИКА
Специфическое обозначение материала и объем IV,27 с.
225 1# - СЕРИЯ
Основное заглавие серии Документы нормативные для проектирования, строительства и эксплуатации объектов ОАО "ГАЗПРОМ"
239 ## - ОБЛАСТЬ СПЕЦИФИЧЕСКИХ СВЕДЕНИЙ: НОРМАТИВНЫЕ И ТЕХНИЧЕСКИЕ ДОКУМЕНТЫ
Сведения Введ. 21.07.2011. Срок действия - 5 лет
320 ## - ПРИМЕЧАНИЯ О НАЛИЧИИ В ДОКУМЕНТЕ БИБЛИОГРАФИИ / УКАЗАТЕЛЯ
Текст примечания Библиогр.: с.24-26 (27 назв.).
610 0# - НЕКОНТРОЛИРУЕМЫЕ ПРЕДМЕТНЫЕ ТЕРМИНЫ
Предметный термин Оборудование для переработки нефтяных продуктов и природного газа
686 ## - ИНДЕКСЫ ДРУГИХ КЛАССИФИКАЦИЙ
Индекс 75.200
Издание 2003
Код системы
801 #0 - ИСТОЧНИК ЗАПИСИ
Страна российская федерация
Организация NLR
Дата составления 20111026
Правила каталогизации RCR
801 #1 - ИСТОЧНИК ЗАПИСИ
Страна российская федерация
Организация NLR
Дата составления 20111026
942 ## - ДОПОЛНИТЕЛЬНЫЕ ЭЛЕМЕНТЫ ЗАПИСИ (АБИС)
Тип экземпляра АБИС Книга
980 ## - КОЛЛЕКЦИЯ
Название коллекции Национальная библиография
980 ## - КОЛЛЕКЦИЯ
Название коллекции НБР
Экземпляры
Тип экземпляра Дата поступления Источник поступления Библиотека постоянного хранения Библиотека текущего хранения Место хранения Шифр хранения Штрих-код Статус не для выдачи
Книга 26.10.2011 Обязательный экземпляр РНБ (Московский) РНБ (Московский) Фонд нормативно-технических и технических документов, ГОСТы Пт 3517023